00695cam a22001933a 450000100060000000300060000600500170001200800410002904000150007004200070008510000280009224502210012026000290034150600300037051600200040070000100042083000290043085600420045939039PGUSA20140828083849.0120303s2012||||xxu|||||s|||||000 | eng d aPGUSAbeng adc1 aPhilpot, Joseph Charles10aWat is het dat eene zondaar zaligmaakt? :bzamenspraak tusschen een kappersknecht, Methodisten predikant en den heer Easterman met een antwoord op die gewichtige vraagh[electronic resource] /cJoseph Charles Philpot bProject Gutenberg,c2012 aPublic domain in the USA. aElectronic text1 aRs, W 0aProject Gutenbergv3903940uhttp://www.gutenberg.org/ebooks/39039